Los costos de investigación y desarrollo (Registro nro. 29088)

Detalles MARC
000 -LEADER
fixed length control field 00366 a2200133 4500
001 - CONTROL NUMBER
control field ART_26196
005 - DATE AND TIME OF LATEST TRANSACTION
control field 20260410161936.0
008 - FIXED-LENGTH DATA ELEMENTS--GENERAL INFORMATION
fixed length control field 260409a
100 1# - MAIN ENTRY--PERSONAL NAME
Personal name Díaz, Teresa
245 10 - TITLE STATEMENT
Title Los costos de investigación y desarrollo
700 1# - ADDED ENTRY--PERSONAL NAME
Personal name Bertolino, Gisela
700 1# - ADDED ENTRY--PERSONAL NAME
Personal name Suardi, Diana
773 0# - HOST ITEM ENTRY
Title SaberEs
Related parts - Nº 1 (jun. 2009)
Record control number REV26089

No hay ítems disponibles.